=LDR 00000nam 2200000 4500 =001 INLIS000000000015521 =005 20130612110812 =008 ***********************************Indo** =035 ##$$0010-061300000015521 =041 ##$$a Indo =082 ##$$a R.500 =090 ##$$a R.500, ilus =245 ##$$a Ilmu Pengetahuan Populer =260 ##$$a 1990 $b Jakarta =300 ##$$a Jil, ilus, 28cm =650 ##$$a Sains =850 ##$$a NBPNMAT